| 000 | 00401nam a2200157Ia 4500 | ||
|---|---|---|---|
| 008 | 230917s9999||||xx |||||||||||||| ||und|| | ||
| 020 | _cRS120 | ||
| 040 |
_e31869 _aMAIN |
||
| 041 | _aEnglish | ||
| 082 | _a338.13 A44A | ||
| 100 | _aAcharya, S S | ||
| 245 | 0 | _aAgricultural prices: Analysis and policy | |
| 260 |
_aNew Delhi _bOxford University Press _c1994 |
||
| 300 | _axi, 370 p. | ||
| 942 | _cBK | ||
| 999 |
_c104436 _d104436 |
||